000 00459 a2200145 4500
020 _a817169392X (hardcover)
020 _a9788171693924 (hardcover)
090 _c5270
_d5270
100 _aSingh, U. K.; J.M. Dewan
245 0 0 _aBusiness management.
260 _a[S.l.] :
_bCommonwealth Publishers,
_c1996.
300 _a1 v. (unpaged)
856 4 0 _3Amazon.com
_uhttp://www.amazon.com/exec/obidos/ASIN/817169392X/chopaconline-20
942 _aNBS
_cBK
_k658 SIN
999 _c347685
_d347685